书目信息 |
| 题名: |
电子商务概论
|
|
| 作者: | 程大为 主编 | |
| 分册: | ||
| 出版信息: | 北京 中国财政经济出版社 2010.03 |
|
| 页数: | 282页 | |
| 开本: | 20cm | |
| 丛书名: | ||
| 单 册: | ||
| 中图分类: | F713.6 | |
| 科图分类: | ||
| 主题词: | 商业经济--国内 | |
| 电子资源: | ||
| ISBN: | ||
| 000 | 00583nam0 2200193 450 | |
| 001 | 1231713310 | |
| 005 | 20120328085812.64 | |
| 010 | @dCNY27.00@z7-5095-1951-6 | |
| 100 | @a20120328d2010 km y0chiy0120 ea | |
| 101 | 0 | @achi |
| 102 | @aCN@b110000 | |
| 200 | 1 | @a电子商务概论@Adian zi shang wu gai lun@f程大为主编@Fcheng da wei zhu bian |
| 210 | @a北京@c中国财政经济出版社@d2010.03 | |
| 215 | @a282页@d20cm | |
| 606 | 0 | @a商业经济@x国内 |
| 690 | @aF713.6@v4 | |
| 701 | 0 | @a程大为@Acheng da wei@4主编 |
| 801 | 0 | @aCN@b大连网信软件有限公司图书馆·11@c20120328 |
| 905 | @aZUCC@dF713.6@eC737 | |
| 电子商务概论/程大为主编.-北京:中国财政经济出版社,2010.03 |
| 282页;20cm |
| ISBN :CNY27.00 |
| ● |
| 相关链接 |
|
|
|
正题名:电子商务概论
索取号:F713.6/C737
 
预约/预借
| 序号 | 登录号 | 条形码 | 馆藏地/架位号 | 状态 | 备注 |
| 1 | 484576 | 204845766 | 社科库409/409社科库 44排4列3层/ [索取号:F713.6/C737] | 在馆 | |
| 2 | 484577 | 204845775 | 社科库409/422社科库 36排3列4层/ [索取号:F713.6/C737] | 在馆 | |
| 3 | 484578 | 204845784 | 社科库409/409社科库 44排4列3层/ [索取号:F713.6/C737] | 在馆 | |
| 4 | 484579 | 204845793 | 社科库409/409社科库 44排4列3层/ [索取号:F713.6/C737] | 在馆 | |
| 5 | 484580 | 204845800 | 社科库409/422社科库 36排3列4层/ [索取号:F713.6/C737] | 在馆 |